Statistiques concernant Pires joueurs de football

Cliquez ici pour prendre le quiz!

Statistiques générales

  • Ce quiz a été pris 105 fois
  • Le résultat moyen est 7 sur 179

Statistiques - réponses

HintRéponse% Correct
PLMaguire
54%
Ligue 1Germain
49%
grèceMitroglou
49%
finale liverpool vs RealKarius
30%
bundesBakker
11%
japonSakai
11%
PLKurzawa
10%
ligue 1Pallois
10%
ancien ligue 1Abdennour
9%
surcoté < PedriBellingham
8%
ligue 1Dubois
8%
blessureAbou Diaby
7%
ancien l1Balmont
7%
bundes astrid nelsiaBouna Sarr
7%
PLCaleta Car
7%
bundesChoupo Moting
7%
Ligue 1Gomis
7%
ligue 1Hamouma
7%
amateur coup francJeremy Mathieu
7%
ligue 1DIabaté
6%
Ligue 1Diony
6%
ancien ligue 1Doria
6%
ancienjallet
6%
ancien ligue 1Mavuba
6%
Ligue 1Rami
6%
ligue 1/2Roux
6%
BundesAbdou Diallo
4%
Ligue 1Ajorque
4%
ancien ligue 1Alou Diarra
4%
claque ValbuenaAudard
4%
Ligue 1Balerdi
4%
ancien st étienneBéric
4%
Ligue 1Bernardoni
4%
Ligue 1Charbonnier
4%
françaisCorchia
4%
PLCrouch
4%
ancienDarbion
4%
Ligue 1Da Silva
4%
ancien ligue 1Debuchy
4%
Ligue 1Jonas Martin
4%
PLKehrer
4%
Ligue 1Khazri
4%
ancienMarvin Martin
4%
limassolMonnet-Paquet
4%
Ligue 1Rolando
4%
Ligue 1Tardieu
4%
ancien ligue 1Toulalan
4%
Ligue 1Veretout
4%
ligue 1Yohann Pelé
4%
ligue 1Amavi
3%
PLBatshuayi
3%
ancien ligue 1Carrasso
3%
ancien ligue 1Chantôme
3%
Ligue 1Chavalerin
3%
ligue 2De Preville
3%
ancien belgeFellaini
3%
ligue 2Florentin Pogba
3%
Ligue 1Girotto
3%
Ligue 1Gravillon
3%
ancien ligue 1Hoarau
3%
ligue 1Hubocan
3%
Ligue 1Kolodziejczak
3%
ligue 1Leca
3%
ligue 1Lemoine
3%
Ligue 1Liénard
3%
ancien PLMangala
3%
SCOMangani
3%
ligue 1Marcelo
3%
ancien ligue 1Menez
3%
Ligue 1Morel
3%
Ligue 1Moulin
3%
ancien PLMustafi
3%
PLNoble
3%
ancien l1Pedretti
3%
ancien ligue 1Raggi
3%
ancien ligue 1Rod Fani
3%
SCORomain Thomas
3%
Ligue 1Rongier
3%
ancien ligue 1Rothen
3%
Ligue 1Sakho
3%
ancienSavidan
3%
CoréeSuk
3%
ancien ligue 1 pays basVan der Wiel
3%
Ligue 1Abergel
2%
Ligue 1Agbadou
2%
ancien ligue 1Beauvue
2%
Ligue 1Berisha
2%
ancienBodmer
2%
Ligue 1Bulka
2%
ancien l1Cardinale
2%
Ligue 1Casteletto
2%
Ligue 2Centonze
2%
ancien PLClichy
2%
ancien L1/2Cohade
2%
PLDawson
2%
ligue 1Denayer
2%
ancien frDiomède
2%
Ligue 1
Benjamin André
2%
PLDunk
2%
ancien françaisEscudé
2%
PLFaes
2%
ligue 1Foket
2%
Ligue 1Gallon
2%
ancien ligue 1Glik
2%
pas de voyellesGrbic
2%
ligue 2Gurtner
2%
ancien l1Jourdren
2%
ligue 1/2Kerbrat
2%
Ligue 1Lemina
2%
ancien ligue 1
Loic rémy
2%
ancien ligue 1Luyindula
2%
ancien ligue 1Malbranque
2%
Ligue 1Mama Baldé
2%
Ligue 1Matusiwa
2%
ancien PLMertesacker
2%
coup du XIaolinMéxès
2%
Ligue 1Minamino
2%
BundesMollet
2%
PLMooy
2%
Ligue 1Munetsi
2%
françaisMvila
2%
ancienNivet
2%
ligue 2Opa n'guette
2%
ligue 2Oudin
2%
PLPhil Jones
2%
ligue 2Prince Oniangue
2%
lateral nantes adéQuentin Merlin
2%
bundesRadonjic
2%
ancien ligue 1Réveillère
2%
Ligue 1Ripart
2%
ligue 1/2Sorbon
2%
Ligue 1Souquet
2%
Ligue 1Tait
2%
Ligue 1Thomasson
2%
ligue 2Trauco
2%
ancien ligue 1Trémoulinas
2%
ancien ligue 1Vercoutre
2%
Ligue 1Aholou
1%
ancien ligue 1/2Amalfitano
1%
PLAndersen
1%
Ligue 1Autret
1%
Ligue 1Bard
1%
Ligue 1Barreto
1%
PLBednarek
1%
ancien françaisBoumsong
1%
Ligue 1Briand
1%
Ancien ligue 1Cahuzac
1%
Ligue 1Capelle
1%
BBVACapoue
1%
Ligue 1DIeng
1%
Ligue 1
Schneiderlin
1%
ancien ligue 1Douchez
1%
PLDrinkwater
1%
Ligue 1Ferri
1%
ancien françaisFlamini
1%
Ligue 1Gigot
1%
Ligue 1Gonalons
1%
bundesGuillavogui
1%
Ligue 1Hérelle
1%
PLHolding
1%
Ligue 1Honorat
1%
PLkenny Tete
1%
Ligue 1Koscielny
1%
Ligue 1Lees Melou
1%
PLLenglet
1%
Ligue 1Maripan
1%
Ligue 1Mounié
1%
Ligue 1Nordin
1%
ancien ligue 1Obraniack
1%
Série ASaponnara
1%
Ligue 1Sergio Rico
1%
Ligue 1Sotocca
1%
françaisStambouli
1%
PLStruijk
1%
Ligue 1Truffert
1%
ancien ligue 1Baysse
0%
ancien ligue 1Corgnet
0%
ligue 2Deminguet
0%

Distribution des résultats

Percentile par nombre de réponses

% des personnes avec chaque résultat

Votre développement - résultats

Vous n’avez pas pris ce quiz